000 01637nam0a22002771 4500
001 rc\4748084
005 20260407041654.0
021 _aRU
_b[67-105693]
035 _a(NLR Aleph) 009008637
090 _a9353163
_c9353163
100 _a20130417d1967 |||y0rusy50 ca
101 0 _arus
102 _aRU
105 _ay z |||||
200 1 _aСопоставление уровня прогрессивности технических решений проектов реконструкции шахт Донецкого бассейна и зарубежных шахт
_eКраткий науч. отчет
_fНауч. руководители и отв. исполнители проф. д-р техн. наук П.З. Звягин, канд. техн. наук С.М. Гаркави
_gМ-во угольной пром-сти СССР. Ин-т горного дела им. А.А. Скочинского. Лаборатория комплексных горно-экон. проблем
210 _aМосква
_cБ. и.
_d1967
215 _a17 с.
_d21
606 _aУгольные шахты
_xРеконструкция
_xПроектирование
_2psbo
702 1 _aЗвягин
_bП.З.
_gПавел Захарович
_4570
702 1 _aГаркави
_bС.М.
_4570
710 0 2 _aИнститут горного дела им. А.А.Скочинского
_cМосква
_bЛаборатория комплексных горноэкономических проблем
_3RU\NLR\AUTH\8810013816
_9525527
801 0 _aRU
_bNLR
_gpsbo
801 1 _aRU
_bELAR
_2rusmarc
852 _aNLR
_j68-4/855
942 _cBOOK
980 _aNB